Central Library OPAC University of Rajshahi

Principles of genetics / (Record no. 74432)

MARC details
000 -LEADER
fixed length control field 00685nam a2200241 a 4500
001 - CONTROL NUMBER
control field 74432
003 - CONTROL NUMBER IDENTIFIER
rucl marc code BD-RjUL
005 - DATE AND TIME OF LATEST TRANSACTION
control field 20211209082542.0
008 - FIXED-LENGTH DATA ELEMENTS--GENERAL INFORMATION
fixed length control field 730130s1964 nyuac b 000 0 eng
035 ## - SYSTEM CONTROL NUMBER
System control number (BD-RjUL)74650
System control number (OCoLC)547672
040 ## - CATALOGING SOURCE
Original cataloging agency DLC
Transcribing agency ODaWU
Modifying agency OCoLC
-- Uk
-- DLC
Language of cataloging eng
041 ## - LANGUAGE CODE
Language code of text/sound track or separate title eng
082 ## - DEWEY DECIMAL CLASSIFICATION NUMBER
Classification number 576.5
Edition number 23
Author mark and year GAP 1965
100 1# - MAIN ENTRY--PERSONAL NAME
Personal name Gardner, Eldon John,
Dates associated with a name 1909-
9 (RLIN) 222818
245 10 - TITLE STATEMENT
Title Principles of genetics /
Statement of responsibility, etc. Eldon John Gardner .
250 ## - EDITION STATEMENT
Edition statement 2d ed.
260 ## - PUBLICATION, DISTRIBUTION, ETC. (IMPRINT)
Place of publication, distribution, etc. New York :
Name of publisher, distributor, etc. Wiley,
Date of publication, distribution, etc. 1964 [printing 1965]
300 ## - PHYSICAL DESCRIPTION
Pagination vii, 386 p.
Illustrations ill., ports.
Size 26 cm.
504 ## - BIBLIOGRAPHY, ETC. NOTE
Bibliography, etc Includes bibliographies.
650 #0 - SUBJECT ADDED ENTRY--TOPICAL TERM
Topical term or geographic name as entry element Genetics.
9 (RLIN) 222819
942 ## - ADDED ENTRY ELEMENTS (KOHA)
Source of classification or shelving scheme Dewey Decimal Classification
Koha item type Books
Holdings
Lost status Source of classification or shelving scheme Damaged status Not for loan Collection code Permanent Location Current Location Shelving location Date acquired Total Checkouts Full call number Date last seen Copy number Koha item type Source of acquisition Cost, normal purchase price
  Dewey Decimal Classification   Not For Loan Non-fiction Central Library, University of Rajshahi Central Library, University of Rajshahi Reading Room 23/09/2018   576.5 GAP 1965 23/09/2018 C-1 Books    
  Dewey Decimal Classification     Non-fiction Central Library, University of Rajshahi Central Library, University of Rajshahi   17/08/1967   576.5 GAP 1965 28/01/2019 C-2 Books pakistan book review 162.00
  Dewey Decimal Classification     Non-fiction Central Library, University of Rajshahi Central Library, University of Rajshahi   11/04/1968   576.5 GAP 1965 28/01/2019 C-3 Books Zeitlinger 70.00
  Dewey Decimal Classification     Non-fiction Central Library, University of Rajshahi Central Library, University of Rajshahi   11/04/1968   576.5 GAP 1965 02/02/2019 C-4 Books Zeitlinger 70.00
  Dewey Decimal Classification     Non-fiction Central Library, University of Rajshahi Central Library, University of Rajshahi   09/12/2021   576.5 GAP 1964 12/02/2019 C-5 Books Zeitlinger 48.00
  Dewey Decimal Classification     Non-fiction Central Library, University of Rajshahi Central Library, University of Rajshahi   17/08/1967   576.5 GAP 1965 14/02/2019 C-6 Books pakistan book review 162.00
  Dewey Decimal Classification     Non-fiction Central Library, University of Rajshahi Central Library, University of Rajshahi   11/04/1968   576.5 GAP 1965 20/02/2019 C-7 Books zeitlinger 70.00